000 00270nam a22001337a 4500
008 180919b xxu||||| |||| 00| 0 eng d
020 _a2677250
041 _aeng
080 _a573
100 _a11
101 _aBIO
245 _aBehavior
_cKloot, V
942 _2udc
_cBK
999 _c48015
_d48015